000 01106cam a22002174a 4500
005 20250605164345.0
008 250528s ||||||||||||||||||||||||d
035 _a23837
020 _a9783540709473
040 _aGR-AtMCL
_bgre
_dGR-AtMCL
_eAACR2
245 1 _aRenewable Energy / Technology and Economics and Environment
260 _aLeipzig, Germany,
_c2007
300 _a570
520 _aThis book presents the physical and technical principles of promising ways of utilising renewable energies. Introduction and Structure, Basics of Renewable Energy Supply, Utilisation of Passive Solar Energy, Solar Thermal Heat Utilisation, Solar Thermal Power Plants, Photovoltaic Power Generation, Wind Power Generation, Hydroelectric Power Generation, Utilisation of Ambient Air and Shallow Geothemal Energy, Utilisation of Geothermal Energy, Harnessing Ocean Energy, Energetic Use of Biomass, Energy Units, References, Index.
700 1 _aKaltschmitt Martin
_99347
700 1 _aStreicher Wolfgang
_99348
700 1 _aWieese Andreas
_99349
942 _cBK
999 _c8764
_d8764